000 00776nab a2200241 u 4500
001 23335
003 HDC
007 cr bn ---aaaaa
008 210319c20140527my dr|nes 0 a may d
040 _aHDC
245 0 _aSuperb perkenal format baharu BizPitch
260 _aKuala Lumpur :
_bUtusan Melayu (M) Bhd.,
_c2014
336 _atext
_2rdacontent
337 _acomputer
_2rdamedia
338 _aonline resource
_2rdacarrier
650 _aBusiness industry
_96119
650 _aEntrepreneurship
_9209
710 _aUtusan Malaysia
856 _zRequest full-text at [email protected]
942 _2lcc
942 _cNEWS
942 _kNWSC 005995
999 _c20651
_d20651